Harry Styles - As it was (Lyrics) - Statistics

General Stats
  • This quiz has been taken 993 times
  • The average score is 186 of 242
Answer Stats
Answer % Correct
I
99%
as
96%
As
96%
it
96%
was
96%
the
95%
you
95%
You
95%
no
93%
not
92%
same
91%
know
90%
It's
89%
it's
89%
in
86%
In
86%
When
86%
to
84%
Go
83%
don't
80%
we
80%
who
79%
on
78%
wanna
78%
He
77%
this
77%
Harry
76%
leave
76%
Leave
76%
good
75%
just
75%
say
75%
us
75%
world
75%
America
74%
want
74%
me
73%
your
72%
Your
72%
night
71%
Come
70%
way
70%
home
69%
that
69%
two
69%
get
68%
talk
68%
about
67%
back
67%
hold
67%
are
66%
kids
66%
Why
65%
be
64%
Holding
64%
holding
64%
alone
63%
follow
63%
her
63%
of
63%
you're
63%
internet
61%
phone
59%
And
57%
hand
57%
What
57%
Answer
55%
at
55%
pills
54%
floor
53%
Gravity's
53%
kind
52%
Nothing
52%
Oh
52%
speed
52%
light
51%
everything
50%
bell
49%
palm
49%
coming
48%
doing
48%
ahead
47%
by
47%
daddy
47%
sitting
47%
help
46%
nobody's
46%
Ringing
46%
gets
45%
wants
45%
well
45%
first
44%
one
41%
who's
41%
himself
39%
lives
39%
will
37%
stay
36%
I'm
35%
cannot
34%
out
33%
Seems
33%
replaced
31%
Hey
21%
No matching quizzes found
Score Distribution
Percent of People with Each Score
Percentile by Number Answered
Your Score History
You have not taken this quiz